|
|
|
|
| LEADER |
01573nam a2200397 a 4500 |
| 001 |
EBC240324 |
| 003 |
MiAaPQ |
| 005 |
20200520144314.0 |
| 006 |
m o d | |
| 007 |
cr cn||||||||| |
| 008 |
980811s1999 enk sb 001 0 eng |
| 010 |
|
|
|z 98030930
|
| 020 |
|
|
|z 0415181267
|
| 035 |
|
|
|a (MiAaPQ)EBC240324
|
| 035 |
|
|
|a (Au-PeEL)EBL240324
|
| 035 |
|
|
|a (CaPaEBR)ebr10017613
|
| 035 |
|
|
|a (CaONFJC)MIL15021
|
| 035 |
|
|
|a (OCoLC)475953122
|
| 040 |
|
|
|a MiAaPQ
|c MiAaPQ
|d MiAaPQ
|
| 050 |
|
4 |
|a LC67.A78
|b E38 1999
|
| 082 |
0 |
4 |
|a 370.11/3/095
|2 21
|
| 245 |
0 |
0 |
|a Education and training for development in East Asia
|h [electronic resource] :
|b the political economy of skill formation in East Asian newly industrialised economies /
|c David Ashton ... [et al.].
|
| 260 |
|
|
|a London ;
|a New York :
|b Routledge,
|c 1999.
|
| 300 |
|
|
|a 185 p.
|
| 490 |
1 |
|
|a ESRC Pacific Asia Programme
|
| 504 |
|
|
|a Includes bibliographical references (p. [167]-178) and indexes.
|
| 533 |
|
|
|a Electronic reproduction. Ann Arbor, MI : ProQuest, 2015. Available via World Wide Web. Access may be limited to ProQuest affiliated libraries.
|
| 650 |
|
0 |
|a Education
|x Economic aspects
|z Asia.
|
| 650 |
|
0 |
|a Vocational education
|z Asia.
|
| 650 |
|
0 |
|a Occupational training
|z Asia.
|
| 650 |
|
0 |
|a Economic development
|x Effect of education on.
|
| 655 |
|
4 |
|a Electronic books.
|
| 700 |
1 |
|
|a Ashton, David.
|
| 710 |
2 |
|
|a ProQuest (Firm)
|
| 830 |
|
0 |
|a ESRC Pacific Asia Programme (Series)
|
| 856 |
4 |
0 |
|u https://ebookcentral.proquest.com/lib/matrademy/detail.action?docID=240324
|z Click to View
|